000 00402 a2200121 4500
001 ART_11687
005 20260410161859.0
008 260409a
245 1 0 _aTax subsidies, the rational demand for insurance and the health care crisis
100 1 _aFeldstein, Martin
700 1 _aFriedman, Bernard
773 0 _tJournal of public economics
_g- Vol. 7, NÂș 2 (abr. 1977)
_wREV11485
999 _c25738
_d25738